[Event "Titled Tue 26th Aug Early"]
[Site "chess.com INT"]
[Date "2025.08.26"]
[Round "8"]
[White "Molina, Roberto Junio Brito"]
[Black "Southcott-Moyers, Indy"]
[Result "1-0"]
[WhiteTitle "IM"]
[BlackTitle "FM"]
[WhiteElo "2378"]
[BlackElo "2276"]
[WhiteFideId "2109450"]
[BlackFideId "488542"]
[EventDate "2025.08.26"]

1. d4 d5 2. Nf3 Nf6 3. e3 e6 4. Bd3 c5 5. c3 Nc6 6. Nbd2 Be7 7. O-O O-O 8. dxc5
Bxc5 9. e4 e5 10. b4 dxe4 11. Nxe4 Nxe4 12. Bxe4 Qxd1 13. Rxd1 Bb6 14. Be3 Bxe3
15. fxe3 f6 16. Rd6 Ne7 17. Rad1 Bf5 18. Bxb7 Rab8 19. Ba6 Bg4 20. h3 Bh5 21.
Rd7 Rfe8 22. e4 Ra8 23. R1d6 Kf8 24. Kf2 Nc8 25. Rc6 Nb6 26. Rd2 Red8 27. Rxd8+
Rxd8 28. Be2 Bxf3 29. gxf3 Rd2 30. c4 Rxa2 31. c5 Nc4 32. b5 g5 33. b6 axb6 34.
cxb6 Na5 35. Rc8+ Kg7 36. Ra8 Rb2 37. Rxa5 Rxb6 38. Ra7+ Kg6 39. Bc4 Rb2+ 40.
Kg3 h5 41. h4 gxh4+ 42. Kxh4 Rh2+ 43. Kg3 Rc2 44. Be6 Kg5 45. Rg7+ Kh6 46. Rg8
Kh7 47. Rc8 Kh6 48. Rxc2 1-0

[Event "Titled Tue 26th Aug Early"]
[Site "chess.com INT"]
[Date "2025.08.26"]
[Round "8"]
[White "Troltenier, Dirk"]
[Black "Hejazipour, Mitra"]
[Result "0-1"]
[WhiteTitle "FM"]
[BlackTitle "WGM"]
[WhiteElo "2162"]
[BlackElo "2329"]
[WhiteFideId "4606400"]
[BlackFideId "12505951"]
[EventDate "2025.08.26"]

1. e4 e6 2. d4 d5 3. Nd2 c5 4. Ngf3 Nc6 5. exd5 exd5 6. Bb5 cxd4 7. O-O Bd6 8.
Nb3 Ne7 9. Nbxd4 O-O 10. c3 Bg4 11. Be2 a6 12. Be3 Bc7 13. h3 Bh5 14. Nxc6 bxc6
15. Nd4 Qd6 16. g3 Bxe2 17. Qxe2 c5 18. Nb3 Bb6 19. Rad1 Qe5 20. Qf3 Rac8 21.
Rfe1 Qd6 22. Bf4 Qf6 23. Kg2 Rfd8 24. Be3 Nf5 25. Bf4 d4 26. Be5 Qg6 27. Qg4 d3
28. Qxg6 hxg6 29. c4 f6 30. Bc3 Kf7 31. g4 Nh4+ 32. Kg3 g5 33. Re3 Bc7+ 34. f4
gxf4+ 0-1

[Event "Titled Tue 26th Aug Early"]
[Site "chess.com INT"]
[Date "2025.08.26"]
[Round "8"]
[White "Tallada Serret, Gerard"]
[Black "Parfenov, Viktor N."]
[Result "0-1"]
[WhiteTitle "CM"]
[BlackTitle "CM"]
[WhiteElo "2091"]
[BlackElo "2193"]
[WhiteFideId "54764190"]
[BlackFideId "4165969"]
[EventDate "2025.08.26"]

1. e4 e5 2. Bc4 Nf6 3. d3 c6 4. Nc3 d5 5. exd5 cxd5 6. Bb5+ Bd7 7. Nf3 Bd6 8.
Bxd7+ Nbxd7 9. Bg5 h6 10. Bh4 Qb6 11. O-O O-O 12. a3 Qxb2 13. Qd2 Rac8 14. Nd1
Qxa1 15. Ne3 Qxa3 16. Nf5 Rfe8 17. Nxh6+ gxh6 18. Qxh6 Bf8 19. Qe3 Qc5 20. d4
exd4 21. Qg5+ Bg7 22. Qg3 Qc7 23. Qg5 Ne5 24. Nxd4 Ng6 25. Nf5 Ne4 26. Qg4 Qf4
27. Qh3 Rxc2 28. Bg3 Qg5 29. f4 Qf6 30. Kh1 Rec8 31. Be1 Rc1 32. g4 Nxf4 33.
Rxf4 Rxe1+ 34. Kg2 Rc2+ 35. Kf3 Qc3+ 36. Ne3 Qxe3# 0-1

[Event "Titled Tue 26th Aug Early"]
[Site "chess.com INT"]
[Date "2025.08.26"]
[Round "8"]
[White "Mueller, Riyanna"]
[Black "Kleibel, Uwe"]
[Result "0-1"]
[WhiteTitle "WFM"]
[BlackTitle "FM"]
[WhiteElo "2079"]
[BlackElo "2301"]
[WhiteFideId "16287401"]
[BlackFideId "1270982"]
[EventDate "2025.08.26"]

1. e4 e5 2. Nf3 Nf6 3. Nxe5 Nxe4 4. d4 d5 5. Bd3 Bd6 6. Nf3 O-O 7. O-O Bg4 8. h3
Bh5 9. Re1 f5 10. Be3 Nd7 11. c4 c6 12. Be2 f4 13. Bc1 Qf6 14. cxd5 cxd5 15. Nc3
Nxc3 16. bxc3 Rac8 17. Qb3 Nb6 18. a4 Rc7 19. Ba3 Bxa3 20. Rxa3 Nc4 21. Raa1
Rfc8 22. Rac1 b6 23. Qa2 Bf7 24. Nd2 h5 25. Nxc4 dxc4 26. Bf3 g5 27. Qe2 Re8 28.
Qd2 Rce7 29. Rxe7 Qxe7 30. Qa2 Qe6 0-1

[Event "Titled Tue 26th Aug Early"]
[Site "chess.com INT"]
[Date "2025.08.26"]
[Round "8"]
[White "Fikiet, Alex"]
[Black "Gustafsson, Jan"]
[Result "0-1"]
[BlackTitle "GM"]
[WhiteElo "2151"]
[BlackElo "2591"]
[WhiteFideId "2052717"]
[BlackFideId "4625498"]
[EventDate "2025.08.26"]

1. e4 e5 2. Bc4 Nf6 3. d3 Bc5 4. Nc3 O-O 5. f4 exf4 6. Bxf4 c6 7. Bb3 d5 8. e5
Bg4 9. Qd2 Nh5 10. d4 Bb4 11. Be3 f6 12. Nf3 Bxf3 13. gxf3 fxe5 14. O-O-O Nd7
15. dxe5 Nxe5 16. Qe2 Bxc3 17. bxc3 Qe7 18. Bd4 Rae8 19. Rde1 Qg5+ 20. Kb1 Nxf3
21. Qxe8 Rxe8 22. Rxe8+ Kf7 23. Rb8 b5 24. Rb7+ Ke6 25. Bc5 a5 26. Re7+ Qxe7 27.
Bxe7 Kxe7 28. a4 Nf4 29. axb5 cxb5 30. Rd1 Ke6 31. Kb2 g5 32. Ba2 g4 33. Ka3 Ne2
34. Kb2 Nf4 35. Bb3 Nxh2 0-1

[Event "Titled Tue 26th Aug Early"]
[Site "chess.com INT"]
[Date "2025.08.26"]
[Round "8"]
[White "Pham, Le Thao Nguyen"]
[Black "Rustemov, Alexander"]
[Result "0-1"]
[WhiteTitle "IM"]
[BlackTitle "GM"]
[WhiteElo "2348"]
[BlackElo "2525"]
[WhiteFideId "12401226"]
[BlackFideId "4119002"]
[EventDate "2025.08.26"]

1. d4 d5 2. c4 c6 3. Nc3 Nf6 4. cxd5 cxd5 5. Bf4 Nc6 6. e3 a6 7. Bd3 Bg4 8. Nge2
Bxe2 9. Qxe2 e6 10. O-O Bd6 11. Bxd6 Qxd6 12. Rac1 O-O 13. a3 Rfc8 14. Na4 Nd7
15. Nc5 Nxc5 16. dxc5 Qc7 17. b4 g6 18. h3 Qe5 19. Rfd1 Rc7 20. Qd2 Rac8 21. Rc2
Kg7 22. Rdc1 h5 23. Be2 h4 24. Qc3 Qxc3 25. Rxc3 f5 26. Kf1 Kf6 27. Ke1 e5 28.
f4 e4 29. Rd1 Rd8 30. Rc2 Rcd7 31. Rcd2 g5 32. fxg5+ Kxg5 33. b5 axb5 34. Bxb5
f4 35. Ke2 fxe3 36. Kxe3 Kf5 37. a4 d4+ 38. Ke2 Ke5 39. a5 Rd5 40. Rc1 Nxa5 41.
Ra2 Nb3 0-1

[Event "Titled Tue 26th Aug Early"]
[Site "chess.com INT"]
[Date "2025.08.26"]
[Round "8"]
[White "Sobek, Jaroslav"]
[Black "Carrasco Miranda, Andres"]
[Result "0-1"]
[WhiteTitle "FM"]
[BlackTitle "CM"]
[WhiteElo "2195"]
[BlackElo "2226"]
[WhiteFideId "301388"]
[BlackFideId "3405990"]
[EventDate "2025.08.26"]

1. d4 Nf6 2. c4 g6 3. Nc3 d5 4. Bf4 Bg7 5. e3 c5 6. dxc5 Qa5 7. cxd5 Nxd5 8.
Bxb8 Nxc3 9. Qd2 Rxb8 10. Ne2 O-O 11. Nxc3 Rd8 12. Qc2 Bf5 13. Qb3 Qxc5 14. Be2
Be6 15. Qc2 b5 16. Rc1 Rdc8 17. a3 a5 18. Qd1 b4 19. axb4 axb4 20. Na2 Qa5 21.
Rxc8+ Rxc8 22. Nc1 b3+ 23. Kf1 Rd8 24. Nd3 Bxb2 25. f3 Bf6 26. Kf2 b2 27. Qc2
Rc8 28. Qb1 Qc3 29. Rd1 Qc2 30. Rf1 Qxb1 0-1

[Event "Titled Tue 26th Aug Early"]
[Site "chess.com INT"]
[Date "2025.08.26"]
[Round "8"]
[White "Osetrov, Dmitrij"]
[Black "Goldin, Roman"]
[Result "0-1"]
[WhiteTitle "CM"]
[BlackTitle "FM"]
[WhiteElo "2202"]
[BlackElo "2284"]
[WhiteFideId "44139713"]
[BlackFideId "2803860"]
[EventDate "2025.08.26"]

1. d4 Nf6 2. c4 Nc6 3. Nf3 d6 4. g3 e5 5. Nc3 exd4 6. Nxd4 g6 7. Bg2 Bd7 8. O-O
Bg7 9. e3 O-O 10. b3 Re8 11. Bb2 Nxd4 12. exd4 c6 13. Qd2 Bf5 14. Rfe1 Qd7 15.
a4 a5 16. Ba3 h5 17. Qf4 Bc2 18. Qxd6 Bxb3 19. Bf1 Qf5 20. Qc5 Qf3 21. Rec1 Ng4
22. d5 Bxc3 23. Bg2 Qd3 24. Bf1 Qd4 25. Rab1 Bxa4 26. Rxb7 Nxf2 27. Qxd4 Bxd4
28. Kg2 Ng4 29. h3 Ne3+ 30. Kh2 Nxf1+ 31. Rxf1 Re2+ 32. Kh1 Bc2 33. Rbxf7 Be4+
34. R7f3 cxd5 35. cxd5 Bxd5 36. h4 Ra7 0-1

[Event "Titled Tue 26th Aug Early"]
[Site "chess.com INT"]
[Date "2025.08.26"]
[Round "8"]
[White "Imomkuzieva, Nilufarkhon"]
[Black "Pandey, Srishti"]
[Result "1-0"]
[WhiteTitle "WFM"]
[BlackTitle "WIM"]
[WhiteElo "2105"]
[BlackElo "2202"]
[WhiteFideId "14216736"]
[BlackFideId "35093290"]
[EventDate "2025.08.26"]

1. e4 e5 2. Nf3 Nc6 3. Bc4 Nf6 4. d3 h6 5. a4 d6 6. a5 a6 7. O-O g5 8. Nc3 Bg7
9. Nd5 O-O 10. Bd2 Nxd5 11. Bxd5 Ne7 12. Ba2 c6 13. b4 d5 14. exd5 cxd5 15. Bc3
Qc7 16. Qd2 Bg4 17. Ne1 Rac8 18. Bb2 Rfd8 19. h3 Be6 20. Rc1 Ng6 21. Nf3 Qd7 22.
Rfe1 Bxh3 23. gxh3 Qxh3 24. Nh2 Nh4 25. f3 e4 26. Bxg7 exf3 27. Bxh6 Qg3+ 28.
Kh1 f6 29. Bxg5 fxg5 30. Rg1 Ng2 31. Nxf3 Qxf3 32. Qxg2 Qh5+ 33. Qh2 Qf3+ 34.
Rg2 Kg7 35. Qe5+ Kf7 36. Kg1 Re8 37. Bxd5+ Qxd5 38. Qxd5+ Re6 1-0

[Event "Titled Tue 26th Aug Early"]
[Site "chess.com INT"]
[Date "2025.08.26"]
[Round "8"]
[White "Lotero, Faiber"]
[Black "Gbiorczyk, Mikolaj"]
[Result "1-0"]
[WhiteTitle "FM"]
[BlackTitle "CM"]
[WhiteElo "2127"]
[BlackElo "2070"]
[WhiteFideId "4404190"]
[BlackFideId "21080763"]
[EventDate "2025.08.26"]

1. d4 f5 2. Bg5 g6 3. Nc3 Bg7 4. e3 Nh6 5. h4 Nf7 6. Nf3 h6 7. Bf4 d6 8. Bd3 Nc6
9. d5 e5 10. dxc6 exf4 11. cxb7 Bxb7 12. exf4 O-O 13. O-O Re8 14. Bc4 Qd7 15. h5
gxh5 16. Nh4 Rf8 17. Qxh5 d5 18. Bd3 Nd6 19. Rae1 Ne4 20. Ng6 Rfe8 21. Ne5 Qe6
22. f3 Ng3 23. Qh3 Nxf1 24. Kxf1 d4 25. Nb5 Qb6 26. Qxf5 Bxe5 27. fxe5 Ba6 28.
e6 Re7 29. Qg6+ Kf8 30. Qxh6+ Ke8 31. Qh8# 1-0

[Event "Titled Tue 26th Aug Early"]
[Site "chess.com INT"]
[Date "2025.08.26"]
[Round "8"]
[White "Ambartsumian, Tyhran"]
[Black "Yeletsky, Ivan"]
[Result "0-1"]
[WhiteTitle "CM"]
[BlackTitle "FM"]
[WhiteElo "2244"]
[BlackElo "2469"]
[WhiteFideId "34161112"]
[BlackFideId "24180327"]
[EventDate "2025.08.26"]

1. e4 c5 2. Nf3 e6 3. g3 Nc6 4. Bg2 Nf6 5. Qe2 e5 6. O-O d6 7. d3 g6 8. a4 Bg7
9. Na3 O-O 10. Nc4 h6 11. h3 Be6 12. Rd1 Re8 13. Kh2 b6 14. Ne3 Nd4 15. Nxd4
exd4 16. Nc4 d5 17. exd5 Bxh3 18. Qf1 Bxg2 19. Qxg2 Re2 20. Kg1 Qxd5 21. Qxd5
Nxd5 22. Bd2 Re6 23. Re1 Rae8 24. Rxe6 Rxe6 25. Rb1 Bf8 26. Kf1 h5 27. Kg2 a6
28. Kf1 Be7 29. Na3 Kf8 30. Nc4 Ke8 31. Kg2 Kd7 32. Kf3 b5 33. axb5 axb5 34. Na5
Nf6 35. Nb3 Ng4 36. Be1 Kc6 37. Kg2 Kd5 38. Rd1 Re2 39. Rc1 Bg5 40. Kf3 Bxc1 41.
Kxe2 Bxb2 0-1

[Event "Titled Tue 26th Aug Early"]
[Site "chess.com INT"]
[Date "2025.08.26"]
[Round "8"]
[White "Paichadze, Luka"]
[Black "Hovakimyan, Vache"]
[Result "1-0"]
[WhiteTitle "GM"]
[BlackTitle "FM"]
[WhiteElo "2520"]
[BlackElo "2270"]
[WhiteFideId "13602934"]
[BlackFideId "13317288"]
[EventDate "2025.08.26"]

1. e4 e5 2. d4 exd4 3. Qxd4 Nc6 4. Qe3 Nf6 5. Nc3 Bb4 6. Bd2 O-O 7. O-O-O Re8 8.
Bc4 d6 9. f3 Bc5 10. Qe1 a6 11. Bg5 h6 12. Bh4 Ne5 13. Bb3 Ng6 14. Bf2 Bxf2 15.
Qxf2 Be6 16. Nge2 Bxb3 17. axb3 Qe7 18. Nd4 b5 19. h4 b4 20. Nc6 Qd7 21. Nxb4
Nf4 22. g3 a5 23. Nd3 Nxd3+ 24. Rxd3 Qc6 25. g4 Re5 26. g5 hxg5 27. hxg5 Rxg5
28. Nd5 Nxd5 29. Qh4 f6 30. exd5 Qe8 31. f4 Rg6 32. Qh7+ Kf7 33. Qh5 Kg8 34.
Qh7+ Kf7 35. Rc3 Rc8 36. Kb1 Kf8 37. Ka2 Rg2 38. Qh3 Rg3 1-0

[Event "Titled Tue 26th Aug Early"]
[Site "chess.com INT"]
[Date "2025.08.26"]
[Round "8"]
[White "Willim, Michael"]
[Black "Carroll, Peter"]
[Result "1-0"]
[WhiteTitle "CM"]
[BlackTitle "FM"]
[WhiteElo "2023"]
[BlackElo "2167"]
[WhiteFideId "4632435"]
[BlackFideId "2510243"]
[EventDate "2025.08.26"]

1. c4 e5 2. Nc3 Nc6 3. Nf3 g6 4. d4 e4 5. Nxe4 d5 6. Bg5 Be7 7. cxd5 Qxd5 8. Nc3
Bb4 9. e3 h6 10. Bf4 Nf6 11. Bd3 Bg4 12. O-O Bxc3 13. bxc3 g5 14. Bxc7 Rc8 15.
e4 Qd7 16. Bg3 O-O 17. Rb1 Na5 18. Be5 Ne8 19. Bb5 Qe7 20. Qd3 a6 21. Ba4 Nc4
22. Bg3 b5 23. Bc2 Ng7 24. e5 Bf5 25. Qe2 Bxc2 26. Qxc2 Na3 27. Qd3 Nxb1 28.
Rxb1 Qa3 29. h4 Rxc3 30. Qe4 Rfc8 31. hxg5 Rc1+ 32. Rxc1 Qxc1+ 33. Kh2 hxg5 34.
Qg4 Ne6 35. d5 Nc5 36. Nxg5 Kf8 37. Qxc8+ Kg7 38. Qf5 Qxg5 39. Qxg5+ 1-0

[Event "Titled Tue 26th Aug Early"]
[Site "chess.com INT"]
[Date "2025.08.26"]
[Round "8"]
[White "Krsnik Cohar, Ivan Vihor"]
[Black "Nepomniachtchi, Ian"]
[Result "0-1"]
[WhiteTitle "FM"]
[BlackTitle "GM"]
[WhiteElo "2362"]
[BlackElo "2742"]
[WhiteFideId "14520044"]
[BlackFideId "4168119"]
[EventDate "2025.08.26"]

1. d4 Nf6 2. Bf4 c5 3. e3 Qb6 4. Nc3 e6 5. Nf3 a6 6. Rb1 d5 7. Be2 Nc6 8. O-O
cxd4 9. exd4 Bd7 10. h3 Be7 11. Re1 O-O 12. Bd3 Rfd8 13. Ne2 Nb4 14. c3 Nxd3 15.
Qxd3 Qb5 16. Qc2 Qa4 17. Qd3 Qxa2 18. Ne5 Qa5 19. Bg5 Qb5 20. Qf3 Be8 21. Ng3 h6
22. Bxf6 Bxf6 23. Nh5 Bg5 24. Qg3 f6 25. f4 Bxh5 26. fxg5 hxg5 27. Nd3 Bg6 28.
Rbd1 Re8 29. Nc5 Qxb2 30. h4 b6 31. Nxe6 Rac8 32. Nc7 Rxe1+ 33. Rxe1 Be4 34.
hxg5 Rxc7 35. Rxe4 dxe4 36. Qxc7 Qc1+ 37. Kh2 Qxg5 38. Qxb6 Qf4+ 39. Kh1 e3 40.
Qxa6 Qh4+ 41. Kg1 Qf2+ 42. Kh2 Kh7 43. Qd3+ f5 0-1

[Event "Titled Tue 26th Aug Early"]
[Site "chess.com INT"]
[Date "2025.08.26"]
[Round "8"]
[White "Bardyk, Artem"]
[Black "Srihari, L R"]
[Result "0-1"]
[WhiteTitle "FM"]
[BlackTitle "GM"]
[WhiteElo "2332"]
[BlackElo "2482"]
[WhiteFideId "34349979"]
[BlackFideId "46617116"]
[EventDate "2025.08.26"]

1. e4 c5 2. d4 cxd4 3. Qxd4 Nc6 4. Qd3 Nf6 5. Nc3 d6 6. Nf3 g6 7. e5 Nxe5 8.
Nxe5 dxe5 9. Qb5+ Bd7 10. Qxb7 Bg7 11. Bg5 O-O 12. O-O-O Qc8 13. Qxc8 Bxc8 14.
Bc4 h6 15. Bh4 Bf5 16. Rhe1 Rac8 17. Bb3 Rc5 18. f3 Rfc8 19. g4 Be6 20. Bxe6
fxe6 21. Bf2 Rxc3 22. bxc3 Nd5 23. Bg3 Nxc3 24. Rd7 Kf7 25. Bxe5 Bxe5 26. Rxe5
Nxa2+ 27. Kd2 Nb4 28. c3 Nd5 29. Rxa7 Nxc3 30. Ke1 Nd5 0-1

[Event "Titled Tue 26th Aug Early"]
[Site "chess.com INT"]
[Date "2025.08.26"]
[Round "8"]
[White "Pontes, Luiz Felizola Lima"]
[Black "Kulik, Nicolas"]
[Result "1-0"]
[WhiteElo "1871"]
[BlackElo "2111"]
[WhiteFideId "44709919"]
[BlackFideId "3009530"]
[EventDate "2025.08.26"]

1. e4 g6 2. d4 Bg7 3. Nc3 d6 4. Nf3 a6 5. Be3 b5 6. a3 Bb7 7. Bd3 Nd7 8. b4 Ngf6
9. O-O O-O 10. h3 Nb6 11. Rc1 e6 12. Nd2 Nfd7 13. Ne2 Qe7 14. c4 bxc4 15. Nxc4
Nxc4 16. Rxc4 Nb6 17. Rc1 Rfc8 18. Qd2 d5 19. e5 Nc4 20. Bxc4 dxc4 21. Rxc4 a5
22. Bg5 Qf8 23. Bf6 Bh6 24. Bg5 Bg7 25. Ng3 axb4 26. axb4 Bd5 27. Rc5 Ra2 28.
Qf4 h6 29. Bf6 Bxf6 30. Qxf6 Qe8 31. Rfc1 Qd7 32. Qh4 Kh7 33. Ne4 Bxe4 34. Qxe4
Rd2 35. R5c4 Kg7 36. Qe3 Ra2 37. Qc3 Ra7 38. Rc6 Rb7 39. Qc5 Qd5 40. Qxd5 exd5
41. R1c5 Rd8 42. Rxc7 Rxb4 43. e6 Rxd4 44. Rxf7+ Kg8 45. Rcc7 Rd1+ 46. Kh2 Re8
47. Rg7+ Kf8 48. Rcf7# 1-0

[Event "Titled Tue 26th Aug Early"]
[Site "chess.com INT"]
[Date "2025.08.26"]
[Round "8"]
[White "Nguyen, Thanh Nghia"]
[Black "Advaitt Srikant Koduri"]
[Result "1-0"]
[WhiteTitle "CM"]
[BlackTitle "FM"]
[WhiteElo "2124"]
[BlackElo "2281"]
[WhiteFideId "12401870"]
[BlackFideId "25185454"]
[EventDate "2025.08.26"]

1. d4 d5 2. Bf4 Nf6 3. e3 e6 4. Nd2 c5 5. c3 Bd6 6. Bg3 Qc7 7. Ngf3 Nbd7 8. Bb5
a6 9. dxc5 Bxg3 10. Bxd7+ Bxd7 11. hxg3 Qxc5 12. O-O O-O 13. Re1 Rfd8 14. Ne5
Be8 15. g4 h6 16. f4 b5 17. Nb3 Qc7 18. Nd4 Ne4 19. Qf3 a5 20. Re2 b4 21. c4
Rac8 22. cxd5 exd5 23. Rc2 Qb6 24. Rac1 Rc5 25. Rxc5 Nxc5 26. g5 hxg5 27. fxg5
Ne4 28. Qf4 a4 29. Ndc6 Qc7 30. Qf1 Rc8 31. Qa6 Kh8 32. Qxa4 Qxe5 33. Qxb4 Rxc6
34. Qf8+ Kh7 35. Rf1 Rc2 36. g6+ fxg6 37. Qf3 Ng5 38. Qg4 Bd7 39. Qh4+ Kg8 40.
Kh1 1-0

[Event "Titled Tue 26th Aug Early"]
[Site "chess.com INT"]
[Date "2025.08.26"]
[Round "8"]
[White "Rustamov, Rustam"]
[Black "Mekhitarian, Krikor Sevag"]
[Result "0-1"]
[WhiteTitle "FM"]
[BlackTitle "GM"]
[WhiteElo "2310"]
[BlackElo "2549"]
[WhiteFideId "13440110"]
[BlackFideId "2107660"]
[EventDate "2025.08.26"]

1. e4 c5 2. c3 Nf6 3. e5 Nd5 4. Nf3 Nc6 5. d4 cxd4 6. cxd4 d6 7. Bc4 dxe5 8.
Nxe5 e6 9. O-O Bd6 10. Re1 O-O 11. Nf3 Nce7 12. Nc3 b6 13. Nxd5 Nxd5 14. Bxd5
exd5 15. Qd3 f6 16. Bd2 Qd7 17. a3 a5 18. Qb3 Bc7 19. Rac1 Ba6 20. h3 Rfe8 21.
Be3 Rac8 22. Rc3 Bc4 23. Qc2 a4 24. Qd2 b5 25. Rcc1 Re4 26. Qc2 Rce8 27. Nd2 Qd6
28. Nxc4 Qh2+ 29. Kf1 dxc4 30. Qc3 Qh1+ 31. Ke2 Qxg2 32. Kd1 Qxh3 33. Rc2 Qf5
34. Rce2 h5 35. Bd2 Rxe2 36. Rxe2 Rxe2 37. Kxe2 Qe4+ 38. Be3 h4 39. f3 Qd3+ 40.
Qxd3 cxd3+ 0-1

[Event "Titled Tue 26th Aug Early"]
[Site "chess.com INT"]
[Date "2025.08.26"]
[Round "8"]
[White "Ivanov, Alexander"]
[Black "Smietanska, Wiktoria"]
[Result "1-0"]
[WhiteTitle "GM"]
[BlackTitle "CM"]
[WhiteElo "2376"]
[BlackElo "2237"]
[WhiteFideId "2000202"]
[BlackFideId "21869359"]
[EventDate "2025.08.26"]

1. e4 c5 2. Nf3 d6 3. d4 cxd4 4. Nxd4 Nf6 5. Nc3 a6 6. g3 e5 7. Nb3 Be7 8. Bg2
Be6 9. O-O O-O 10. h3 b5 11. a4 b4 12. Nd5 Nxd5 13. exd5 Bc8 14. Bd2 a5 15. c3
Na6 16. cxb4 Nxb4 17. Bxb4 axb4 18. a5 Ba6 19. Re1 f5 20. Qd2 Rb8 21. Bf1 Qc8
22. Rec1 Qb7 23. Rc6 Bxf1 24. Kxf1 Qb5+ 25. Kg1 Rfc8 26. Rac1 Rxc6 27. dxc6 d5
28. c7 Rc8 29. Qc2 Bd6 30. Qxf5 Qe8 31. a6 Rxc7 32. Rxc7 Bxc7 33. a7 Qa8 34.
Qe6+ Kf8 35. Nc5 g6 36. Qf6+ Kg8 37. Ne6 1-0

[Event "Titled Tue 26th Aug Early"]
[Site "chess.com INT"]
[Date "2025.08.26"]
[Round "8"]
[White "Karunasena, A P Chenitha Sihas Dinsara"]
[Black "Goncharov, Vladimir"]
[Result "0-1"]
[WhiteTitle "CM"]
[WhiteElo "2026"]
[BlackElo "2077"]
[WhiteFideId "29982596"]
[BlackFideId "34162256"]
[EventDate "2025.08.26"]

1. e4 e6 2. d4 d5 3. exd5 exd5 4. Nc3 Bb4 5. Bd3 Nc6 6. Ne2 Nge7 7. Bf4 Bxc3+ 8.
bxc3 Bf5 9. Bb5 O-O 10. O-O a6 11. Ba4 b5 12. Bb3 Qd7 13. a4 h6 14. Qd2 Ng6 15.
Be3 Rfe8 16. Ng3 Nce7 17. axb5 axb5 18. Nh5 Bg4 19. Ng3 c6 20. f3 Be6 21. Nh5
Nf5 22. Bf2 Qd6 23. g4 Nfh4 24. Bg3 Nxf3+ 25. Rxf3 Rxa1+ 26. Kg2 Qd8 27. h3 Nh4+
28. Bxh4 Qxh4 29. Qf4 Qe1 30. Rf2 Qg1+ 31. Kf3 Re1 0-1

[Event "Titled Tue 26th Aug Early"]
[Site "chess.com INT"]
[Date "2025.08.26"]
[Round "8"]
[White "Setumadhav, Yellumahanthi"]
[Black "Alcazar Jimenez, Jesus Alberto"]
[Result "1-0"]
[WhiteTitle "FM"]
[BlackTitle "FM"]
[WhiteElo "2226"]
[BlackElo "2172"]
[WhiteFideId "25920669"]
[BlackFideId "2209756"]
[EventDate "2025.08.26"]

1. e4 c5 2. Nf3 e6 3. d4 cxd4 4. Nxd4 Nf6 5. Nc3 Nc6 6. Ndb5 Bc5 7. Bf4 O-O 8.
Bc7 Qe7 9. Bd6 Bxd6 10. Qxd6 Ne8 11. Qxe7 Nxe7 12. O-O-O f5 13. exf5 Nxf5 14. f3
a6 15. Nd4 Nxd4 16. Rxd4 d5 17. f4 Nd6 18. g3 Nf5 19. Rd2 b5 20. Bg2 Ne3 21. Bh3
Nc4 22. Re2 Rf6 23. Rhe1 Kf7 24. f5 exf5 25. Nxd5 Rd6 26. Re7+ Kg6 27. Bg2 Rb8
28. Rc7 Rd7 29. Ne7+ Kg5 30. Rc5 Rd6 31. Nxc8 Nd2 32. Nxd6 1-0

[Event "Titled Tue 26th Aug Early"]
[Site "chess.com INT"]
[Date "2025.08.26"]
[Round "8"]
[White "Zaw, Ye Htut"]
[Black "Sarkar, Justin"]
[Result "0-1"]
[WhiteTitle "CM"]
[BlackTitle "IM"]
[WhiteElo "2074"]
[BlackElo "2286"]
[WhiteFideId "13013955"]
[BlackFideId "2010011"]
[EventDate "2025.08.26"]

1. e4 e6 2. d4 d5 3. Nd2 c5 4. exd5 Qxd5 5. Ngf3 cxd4 6. Bc4 Qd8 7. O-O Nc6 8.
Nb3 a6 9. Nbxd4 Nxd4 10. Nxd4 Qc7 11. Qe2 Bd6 12. h3 Ne7 13. Re1 O-O 14. Bg5 h6
15. Be3 e5 16. Nb3 b5 17. Bd3 f5 18. f3 Bb7 19. Bf2 Rae8 20. Qd2 Nd5 21. Rad1
Rf6 22. Qa5 Qc8 23. a3 Nf4 24. Bf1 e4 25. fxe4 fxe4 26. Be3 Nxh3+ 27. gxh3 Rg6+
28. Kh1 Rf8 29. Bg2 Rf3 30. Rxd6 Rxh3+ 31. Kg1 Rxg2+ 32. Kf1 Qf5+ 33. Kxg2 Qf3+
34. Kg1 Rh1# 0-1

[Event "Titled Tue 26th Aug Early"]
[Site "chess.com INT"]
[Date "2025.08.26"]
[Round "8"]
[White "Arya G Mallar"]
[Black "Chen, Yidong"]
[Result "0-1"]
[WhiteTitle "WCM"]
[WhiteElo "2112"]
[BlackElo "2068"]
[WhiteFideId "25115324"]
[BlackFideId "8607028"]
[EventDate "2025.08.26"]

1. c4 Nf6 2. Nc3 g6 3. d4 d5 4. Nf3 Bg7 5. g3 O-O 6. Bg2 c5 7. cxd5 Nxd5 8. O-O
cxd4 9. Nxd4 Nxc3 10. bxc3 Qc7 11. Bd2 a6 12. Rb1 Rd8 13. Qc1 e5 14. Nb3 Be6 15.
Bg5 f6 16. Be3 Bf8 17. Bh6 Bxh6 18. Qxh6 Bc4 19. Rfe1 Nc6 20. Qh4 b5 21. Qxf6
Rd6 22. Qf3 Rf8 23. Qe3 Rdf6 24. Nc5 Rxf2 25. Nxa6 Qb7 26. Nb4 Rxg2+ 27. Kxg2
Nxb4+ 28. Kg1 Nc2 29. Qxe5 Nxe1 30. Rxe1 Qb6+ 31. e3 Qa7 32. Rb1 Qxa2 33. Rd1
Qf2+ 34. Kh1 Qf3+ 35. Kg1 Qxd1+ 36. Kg2 Qf3+ 37. Kg1 Qf1# 0-1

[Event "Titled Tue 26th Aug Early"]
[Site "chess.com INT"]
[Date "2025.08.26"]
[Round "8"]
[White "Kavyev, Ruslan"]
[Black "Yeung, Jason"]
[Result "1-0"]
[WhiteTitle "FM"]
[BlackTitle "FM"]
[WhiteElo "2179"]
[BlackElo "2158"]
[WhiteFideId "34110981"]
[BlackFideId "8203970"]
[EventDate "2025.08.26"]

1. Nf3 Nf6 2. g3 g6 3. b3 Bg7 4. Bb2 O-O 5. Bg2 d6 6. O-O e5 7. c4 Re8 8. Nc3 c5
9. d3 Nc6 10. Nd2 Be6 11. Nde4 Nxe4 12. dxe4 Qd7 13. e3 Rad8 14. Qd2 Rf8 15.
Rad1 f5 16. exf5 gxf5 17. Qc2 e4 18. Nd5 Bxd5 19. Rxd5 Nb4 20. Qd2 Bxb2 21. Qxb2
Nxd5 22. cxd5 Qg7 23. Qc2 Rc8 24. f3 exf3 25. Rxf3 Qe5 26. Bh3 Qxd5 27. Rf4 Rce8
28. Bxf5 Rf7 29. Bxh7+ Kf8 30. Rxf7+ Qxf7 31. Bg6 Qf3 32. Bxe8 Qxe3+ 33. Kg2
Kxe8 34. h4 d5 35. h5 d4 36. Qg6+ Kd7 37. Qg4+ Kc6 38. Qf3+ Qxf3+ 39. Kxf3 Kb5
40. h6 Kb4 41. h7 Kc3 42. h8=Q Kb2 43. Qe5 b6 44. Qe2+ Kc3 45. Ke4 Kb4 46. Kd5
a6 47. Qxa6 Kc3 48. Qxb6 d3 49. Qxc5+ Kb2 50. Qd4+ Kc2 51. g4 d2 52. g5 d1=Q 53.
Qxd1+ Kxd1 54. g6 Kc2 55. g7 Kb1 56. g8=Q Kb2 57. a4 Ka1 58. b4 Kb2 59. a5 Kc3
60. b5 Kb2 61. b6 Kc1 62. b7 Kb1 63. b8=Q+ Kc2 64. Qg2+ Kc3 65. Qe5+ 1-0